Popularne zagraniczne piosenki w Polsce. 13-19.08.21 Spotify - Statystyki

Ogólne statystyki
  • Ten quiz został rozwiązany 6 razy
  • Średni wynik to 8 z 30
Statystyki odpowiedzi
Wykonawca Odsłuchania Utwór % Poprawnych
Maneskin 791K I WANNA BE YOUR SLAVE
83%
Maneskin 599K Beggin'
67%
Olivia Rodrigo 380K good 4 u
67%
Ed Sheeran 808K Bad Habits
50%
Doja Cat, SZA 249K Kiss Me More
50%
Dua Lipa 357K Love Again
50%
Billie Eilish 400K Happier Than Ever
33%
Olivia Rodrigo 219K jealousy, jealousy
33%
Lil Nas X 337K MONTERO (Call Me By Your Name)
33%
Doja Cat 443K Need To Know
33%
The Weeknd, Ariana Grande 277K Save Your Tears (Remix)
33%
The Kid LAROI, Justin Bieber 830K STAY
33%
Olivia Addams 376K Stranger
33%
Doja Cat 280K Woman
33%
Maneskin 253K ZITTI E BUONI
33%
Surf Curse 321K Freaks
17%
Riton, Nightcrawlers, Mufasa, Hypeman 418K Friday
17%
Lil Nas X, Jack Harlow 448K INDUSTRY BABY
17%
Dua Lipa, DaBaby 276K Levitating
17%
Majestic, Boney M. 278K Rasputin
17%
Tiesto 256K The Business
17%
Kris Kross Amsterdam, Shaggy, Conor Maynard 222K Early In The Morning
0%
Galantis, David Guetta, Little Mix 246K Heartbreak Anthem
0%
Marshmello, Jonas Brothers 297K Leave Before You Love Me
0%
Tom Grennan 273K Little Bit of Love
0%
Daria 262K Love Blind
0%
Kungs 610K Never Going Home
0%
Minelli 530K Rampampam
0%
OneRepublic 303K Run
0%
The Weeknd 357K Take My Breath
0%
Nie znaleziono quizów pasujących do podanych kryteriów
Rozkład punktacji
Procent ludzi z każdym wynikiem
Percentyl według liczby udzielonych odpowiedzi
Twoja historia wyników
Nie rozwiązałeś tego quizu